000 02799cam a22005414i 4500
003 PE-LiUPU
005 20250731180142.0
008 150706s r 000 0 d
020 _a9702600804
035 _a(Sirsi) i9789702600800
040 _aPE-LiUPU
_bspa
_cPE-LiUPU
_erda
049 _aPRUA
082 0 4 _a512.5
_bL32
_221
100 1 _aLay, David C.,
_eautor.
245 1 0 _aAlgebra lineal y sus Aplicaciones /
_cDavid C. Lay.
250 _aSegunda edición.
264 1 _aMéxico :
_bPearson Educación,
_c2001.
300 _a01 CD Rom
300 _a486 páginas :
_bilustraciones ;
_c26 centímetros
336 _atext
_2rdacontent
337 _aunmediated
_2rdamedia
338 _avolume
_2rdacarrier
505 0 _aEcuaciones lineales en Álgebra lineal -- Sistemas de ecuaciones lineales -- Reducción por filas y formas escalonadas -- Ecuaciones vectoriales -- La ecuación de matrices -- Conjuntos solución de sistemas lineales -- Álgebra de matrices -- Operaciones de matrices -- El inverso de una matriz -- Caracterización de matrices invertibles -- Determinantes -- Introducción a los determinantes -- Propiedades de los determinantes -- Espacios vectoriales -- Espacios vectoriales y sus subespacios -- Espacios nulos, espacios columna y transformaciones lineales -- Valores propios y vectores propios -- Vectores propios y valores propios -- La ecuación característica -- Diagonalización -- Vectores propios y transformaciones lineales -- Ortogonalidad y mínimos cuadrados -- Producto interior, longitud y ortogonalidad -- Conjuntos ortogonales -- Proyecciones ortogonales -- El proceso Gram-Schmidt -- Matrices simétricas y formas cuadrátricas -- Diagonalización de matrices simétricas -- Formas cuadráticas -- Optimación restringida -- La descomposición en valores singulares.
526 _aSEG44
526 _aSEG26
526 _aP159
526 _aP155
526 _aP154
526 _aP153
526 _aP150
526 _aP100
526 _aP31
526 _aP30
526 _aP26
526 _aP25
526 _aP24
526 _aP22
526 _aP15
526 _aP10
541 _g015-0011404;
650 1 4 _aÁlgebra lineal
_vProblemas, ejercicios, etc.
_9190
910 _agl
_bjv
_clch
_d20100413
942 _2ddc
_cBOOK
949 _a512.5 L32
_wDEWEY
_c1
_i61310
_d2016-11-20
_e2016-11-17
_lCCODEBUL1
_mBUL
_n3
_p24.00
_r0
_sY
_tBOOK
_u2015-7-6
_xINGENIERIA
_zUNKNOWN
_0COMPRA
_o.STAFF. Colección General
994 _aC0
_bPEPRU
596 _a1
999 _a512.5 L32
_wDEWEY
_c50572
_i61310
_d50572
_e2018-3-20
_f2021-11-9
_g7
_lCCODEBUL1
_mBUL
_n4
_p24.00
_q4
_r0
_sY
_tBOOK
_u2015-7-6
_xINGENIERIA
_PP27
_0COMPRA
_o.STAFF. Colección General
980 _81
_gALBERTO SANCHEZ Responsable de Automatización